01427nam a22003737a 4500003000500000005001700005008004100022010001000063011001000073035001100083040000900094090001000103100003700113245013700150260004800287300003300335502007400368590003700442590004100479590004100520590004100561590004200602650003200644650001900676650003200695650002700727650003100754650002000785901000700805942001000812949006900822999001700891952014500908CHAP20220329143439.0090921s2008 mx r 00010 spa d a96759 a97731 a108402 cCHAP aTesis1 aArredondo Zamarripa, David9742010aEvaluación del efecto anti-inflamatorio del extracto etanólico de Heliopsis longipes S. F. Blakec/por David Arredondo Zamarripa aSan Luis Potosí, S.L.P.:bEl autor,c2009 ax, 55 h. :bgráfs. , ilus. aTesis (Qco. Farmacobiologo) -- UASLP. Facultad de Ciencias Químicas aALEPHb10c20130110lUCH01h1530 aBATCH-UPDb10c20130110lUCH01h1136 aBATCH-UPDb10c20130410lUCH01h0723 aBATCH-UPDb10c20130914lUCH01h0406 aCONVERSIONb10c20130109lUCH01h135314aBotánica médica.91468014aEtanol.93857914aExtractos vegetales.93921414aFarmacología.93976214aHeliopsis longipes.95343514aRaíces994670 aBK cTESIS aTesisbBCcTESd33724002129785eTS1gDonaciØnh49536i108402sb c96759d96759 00102local4051708TESISaBCbBCcPA_TESISd2019-12-31eDonacionfTESISl0oTesisp33724002129785r2019-12-31 00:00:00w2019-12-31yTESIS